LEADER 01157nam a2200253 4500 001 000000362640 003 CaOOAMICUS 005 20250429092728.0 008 250428s2012 it 000 u ita r 020 $a978-88-514-1028-5 040 $aSeMil$bita 240 10$aConciliabules.$0(OLS)http://semarc/title/453574 245 03$aLe bolle del Concilio :$baneddoti, storielle, battute dal Vaticano 2. /$cprefazione di Luigi Bettazzi. 264 1$aMilano :$bÀncora,$c2012. 300 $a127 p. ;$c19 cm 650 4$aConcilio Vaticano II <1962-1965> - Aneddoti, facezie, satire, ecc.$0(OLS)http://semarc/subject/57463 700 1 $aBettazzi, Luigi,$c.$0(OLS)http://semarc/name/18965 850 $aSeMil 852 $aSeMil$W1$xVenegono$y1$m2A II 576$j256285$B253542$CSeMilBibl$Z2$F253542 $81 961 $aVergottini Marco - Omaggio 996 $6020$a978-88-514-1028-5$9(OLS)http://semarc/number/303084 996 $6245$aLe bolle del Concilio :$baneddoti, storielle, battute dal Vaticano 2.$9(OLS)http://semarc/title/453575 996 $6264$aMilano :$bÀncora$9(OLS)http://semarc/publisher/29763 LEADER 01217nam a2200265 i 4500 001 000000223189 003 CaOOAMICUS 005 20131007000000.0 008 131007s1994 it u000 u ita u 013 $a202086 020 $a88-10-11128-1 040 $aSeMil$bita 245 13$aLa vita consacrata e la sua missione nella chiesa e nel mondo :$bsinodo dei vescovi, Instrumentum laboris. 260 $aBologna :$bEDB,$ccopyr. 1994. 300 $a120 p. ;$c22 cm. 490 0 $aDocumenti Santa Sede ;$v29 650 4$aSanta Sede - Documenti.$0(OLS)http://semarc/subject/697 650 4$aSinodo dei Vescovi <9 ; 1994> - Vita consacrata.$0(OLS)http://semarc/subject/21515 710 0 $aSinodo dei Vescovi.$0(OLS)http://semarc/name/10968 830 0$aDocumenti Santa Sede ;$v29.$0(OLS)http://semarc/title/21850 850 $aSeMil 852 $aSeMil$W1$xVenegono$y1$m5D V 24/11$j173535$B173535$CSeMilBibl$Z2$F183956 $81 996 $6020$a88-10-11128-1$9(OLS)http://semarc/number/223022 996 $6245$aLa vita consacrata e la sua missione nella chiesa e nel mondo :$bsinodo dei vescovi, Instrumentum laboris$9(OLS)http://semarc/title/320077 996 $6260$aBologna :$bEDB$9(OLS)http://semarc/publisher/29669